| 000 | 00926nmc a2200325 a 4500 | ||
|---|---|---|---|
| 003 | AR-BaBNM | ||
| 005 | 20251128205717.0 | ||
| 008 | 018019s1994 ||||||||||||||000 | spa|| | ||
| 020 | _a950-02-8443-X | ||
| 040 | _cAR-BaBNM | ||
| 100 | 0 |
_aFray Mocho _d1858-1903 |
|
| 245 | 1 | 0 | _aLos mejores cuentos de Fray Mocho |
| 250 | _a1ª ed. | ||
| 260 |
_aBuenos Aires _bSecretaría de Cultura de la Nación _bFraterna _c1994 |
||
| 300 | 0 | _a280 p. | |
| 490 | 0 |
_aIdentidad nacional _vv. 9 |
|
| 500 | 0 | _aContiene referencias bibliográficas en p. 275 | |
| 500 | 0 | _aFray Mocho es el seudónimo de José S. Alvarez | |
| 650 | 4 | _aCUENTOS | |
| 650 | 4 | _aLITERATURA ARGENTINA | |
| 650 | 4 | _aANTOLOGIAS | |
| 650 | 4 | _aCOSTUMBRES Y TRADICIONES | |
| 650 | 4 | _aHUMOR | |
| 653 | 0 | _aNARRATIVA | |
| 653 | 0 | _aCOSTUMBRISMO | |
| 655 | _aLITERATURA | ||
| 700 | 1 |
_aPerrone, Alberto Mario _eprologuista |
|
| 942 | _cBK | ||
| 998 | _cMARTIN | ||
| 999 |
_c12505 _d12505 |
||